Catálogo de ilustraciones /

Guardado en:
Detalles Bibliográficos
Autor corporativo: Archivo General de la Nación (México)
Formato: Libro
Idioma:Español
Publicado: México : Archivo General de la Nación, 1981
Temas:
Etiquetas: Agrega una etiqueta
Sin etiquetas, Sé el primero en etiquetar este registro!

MARC

LEADER 00000nam^a2200000^a^4500
001 000017610
005 20250521000000.0
009 20260310084147.206
037 |a Acervo ITESO - Biblioteca 
041 |a ESP 
082 |a 912. 0972  |b ARC 
110 |a Archivo General de la Nación (México) 
245 1 0 |a Catálogo de ilustraciones /  |c Archivo General de la Nación. 
264 1 |a México :  |b Archivo General de la Nación,  |c 1981 
300 |a 13 v. 
336 |a texto  |b txt  |2 rdacontenido 
337 |a sin mediación  |b n  |2 rdamedio 
338 |a volumen  |b nc  |2 rdasoporte 
649 |a XX 
650 |a Archivo General de la Nación -  |z México 
650 |a Cartografía -  |z México -  |x Historia 
910 |a Fondo General 
920 |a Impresos - Libros 
930 |a Colección General 
905 |a 101 
901 |a 0500020899  |b IT1  |c ACC  |u 20250521 
901 |a 0500020900  |b IT1  |c ACC  |u 20250521 
901 |a 0500020901  |b IT1  |c ACC  |u 20250521 
901 |a 0500020902  |b IT1  |c ACC  |u 20250521 
901 |a 0500020903  |b IT1  |c ACC  |u 20250521 
901 |a 0500020904  |b IT1  |c ACC  |u 20250521 
901 |a 0500020905  |b IT1  |c ACC  |u 20250521 
901 |a 0500020906  |b IT1  |c ACC  |u 20250521 
901 |a 0500020907  |b IT1  |c ACC  |u 20250521 
901 |a 0500020908  |b IT1  |c ACC  |u 20250521 
901 |a 0500020909  |b IT1  |c ACC  |u 20250521 
902 |a https://opac.biblio.iteso.mx/vufind/Record/000017610